| 000 | 01240nac a22002891i 4500 | ||
|---|---|---|---|
| 003 | EG-ScBUE | ||
| 005 | 20250917140621.0 | ||
| 008 | 101110s2004 ua f b 000 0 ara d | ||
| 017 | _a8565 / 2004 | ||
| 020 | _a9773057364 | ||
| 040 |
_aEG-ScBUE _bara _erda _cEG-ScBUE _dEG-ScBUE |
||
| 082 | 0 | 4 |
_a501.2 _bخ و ا _222 |
| 100 | 1 |
_aالخوارزمي ، محمد بن أحمد بن يوسف _921105 |
|
| 245 | 1 | 0 |
_aكتاب مفاتيح العلوم / _cتأليف أبي عبد الله محمد بن أحمد بن يوسف الخوارزمي الكاتب رحمه الله ؛ تحقيق فان فلوتن ؛ قدم هذه الطبعة د. محمد حسن عبد العزيز |
| 264 | 1 |
_aالقاهرة : _bالهيئة العامة لقصور الثقافة ، _c2004. |
|
| 300 |
_a328 صفحة ؛ _c24 سم. |
||
| 336 |
_2rdacontent _aنص _btxt |
||
| 337 |
_aبدون وسيط _2rdamedia _bn |
||
| 338 |
_aمجلد _bnc _2rdacarrier |
||
| 490 | 0 |
_aالذخائر ؛ _v118 |
|
| 504 | _aيشتمل على إرجاعات ببليوجرافية | ||
| 650 | 7 |
_aالعلوم _921544 |
|
| 655 | _vReading book | ||
| 700 | 1 |
_aفلوتن، فان، _eمحقق |
|
| 700 | 1 |
_aعبد العزيز، محمد حسن، _eمقدم |
|
| 942 |
_cBB _2ddc |
||
| 999 |
_c7494 _d7494 |
||